Inspire greatness : (Record no. 24364)

MARC details
000 -LEADER
fixed length control field 00522cam a2200169 i 4500
020 ## - INTERNATIONAL STANDARD BOOK NUMBER
ISBN 9781637745076
041 ## - LANGUAGE CODE
Language code of text/sound track or separate title English
082 00 - DEWEY DECIMAL CLASSIFICATION NUMBER
Classification number 658.4092
Item number TEN
100 1# - MAIN ENTRY--AUTHOR NAME
Author name Tenney, Matt
Dates associated with a name TEN
245 10 - TITLE STATEMENT
Title Inspire greatness :
Sub Title how to motivate employees with a simple, repeatable, scalable process /
Statement of responsibility, etc Matt Tenney.
260 ## - PUBLICATION, DISTRIBUTION, ETC. (IMPRINT)
Place of publication Dallas ;
Name of publisher Matt Holt Books ,
Year of publication 2024.
300 ## - PHYSICAL DESCRIPTION
Number of Pages 242 pages ;
Dimensions 24 cm
504 ## - BIBLIOGRAPHY, ETC. NOTE
Bibliography, etc Includes bibliographical references and index.
650 #0 - SUBJECT ADDED ENTRY--TOPICAL TERM
Subject Leadership.
942 ## - ADDED ENTRY ELEMENTS (KOHA)
Source of classification or shelving scheme Dewey Decimal Classification
Koha item type Books
Holdings
Withdrawn status Lost status Source of classification or shelving scheme Damaged status Not for loan Home library Current library Shelving location Date acquired Source of acquisition Cost, normal purchase price Bill Date Full call number Accession Number Price effective from Koha item type
    Dewey Decimal Classification     Institute of Public Enterprise, Library Institute of Public Enterprise, Library S Campus 06/16/2026 Feel Books Pvt. Ltd. 2605.68 20-04-2026 658.4092 51065 06/16/2026 Books

Maintained and Designed by
2cqr automation private limited, Chennai. All Rights Reserved.

You are Visitor Number

PHP Hits Count